[Event "Dutch Open 2024"]
[Site "Velp, Netherlands"]
[Date "2024.07.24"]
[Round "2.1"]
[White "Labruyere, Roger"]
[Black "Beerdsen, Thomas"]
[Result "1/2-1/2"]
[WhiteElo "2170"]
[BlackElo "2510"]
[PlyCount "73"]
[EventDate "2024.??.??"]

1. e4 c5 2. Nf3 Nc6 3. d4 cxd4 4. Nxd4 Nf6 5. Nc3 d6 6. Bg5 e6 7. Qd2 a6 8.
O-O-O Bd7 9. f4 Be7 10. Nf3 h6 11. Bxf6 gxf6 12. f5 Qa5 13. Kb1 O-O-O 14. g3
Kb8 15. fxe6 fxe6 16. Bh3 h5 17. Ne2 Qa4 18. Nfd4 Nxd4 19. Nxd4 e5 20. Bxd7
Rxd7 21. Nf5 Qxe4 22. Nxe7 Rxe7 23. Qxd6+ Rc7 24. Ka1 Qc6 25. c3 h4 26. Rhf1
Qxd6 27. Rxd6 Rc6 28. Rxc6 bxc6 29. Kb1 hxg3 30. hxg3 Rh6 31. Kc2 Kc7 32. Kd3
Rg6 33. Ke4 Rxg3 34. Rxf6 Rg2 35. b4 Re2+ 36. Kd3 Rxa2 37. Re6 1/2-1/2

[Event "Dutch Open 2024"]
[Site "Velp, Netherlands"]
[Date "2024.07.24"]
[Round "2.2"]
[White "Grooten, Tommy"]
[Black "Hausrath, Daniel"]
[Result "0-1"]
[WhiteElo "2146"]
[BlackElo "2469"]
[PlyCount "82"]
[EventDate "2024.??.??"]

1. d4 Nf6 2. c4 g6 3. Nc3 Bg7 4. e4 d6 5. Be2 c6 6. Nf3 O-O 7. O-O a6 8. a3 b5
9. e5 Ne8 10. Bf4 Nd7 11. Ne4 Nb6 12. b3 Bf5 13. Ng3 Be6 14. Rc1 Nc7 15. exd6
exd6 16. h4 Bg4 17. Bg5 Qd7 18. Re1 Rfe8 19. Qd3 Ne6 20. Be3 bxc4 21. bxc4 d5
22. c5 Nc4 23. Nd2 Nxe3 24. fxe3 Bxe2 25. Rxe2 Qc7 26. Ngf1 Qe7 27. Rf2 Qxh4
28. Rb1 Qd8 29. Rb6 Qc8 30. Nf3 Re7 31. N1h2 h5 32. Rfb2 a5 33. R2b3 a4 34.
R3b4 Qe8 35. Nf1 Nc7 36. Qc2 Nb5 37. Rxa4 Nxa3 38. Qb3 Nb5 39. Qa2 Rxa4 40.
Qxa4 Bf6 41. Qa6 Ra7 0-1

[Event "Dutch Open 2024"]
[Site "Velp, Netherlands"]
[Date "2024.07.24"]
[Round "2.3"]
[White "Leenhouts, Koen"]
[Black "Vos, Tjark"]
[Result "1-0"]
[WhiteElo "2454"]
[BlackElo "2170"]
[PlyCount "63"]
[EventDate "2024.??.??"]

1. d4 Nf6 2. c4 g6 3. Nc3 d5 4. cxd5 Nxd5 5. e4 Nxc3 6. bxc3 Bg7 7. Qa4+ Nd7 8.
Nf3 O-O 9. Qa3 e5 10. Bg5 Bf6 11. h4 Re8 12. d5 Be7 13. Qc1 Nc5 14. Qe3 b6 15.
Bb5 Bd7 16. Bxd7 Qxd7 17. h5 f6 18. hxg6 hxg6 19. Rh6 Kf7 20. O-O-O Rh8 21.
Rdh1 Rxh6 22. Rxh6 Rg8 23. Rh7+ Rg7 24. Rh8 Qg4 25. Bh6 Rg8 26. Rh7+ Ke8 27.
Nd2 Qxg2 28. Qe2 Qh1+ 29. Kc2 a6 30. d6 Bxd6 31. Qc4 Rf8 32. Qd5 1-0

[Event "Dutch Open 2024"]
[Site "Velp, Netherlands"]
[Date "2024.07.24"]
[Round "2.4"]
[White "Saketh, Pedagandham"]
[Black "De Winter, Arthur"]
[Result "0-1"]
[WhiteElo "2051"]
[BlackElo "2411"]
[PlyCount "116"]
[EventDate "2024.??.??"]

1. e4 c5 2. c3 d5 3. exd5 Qxd5 4. d4 g6 5. Nf3 Bg7 6. dxc5 Qxc5 7. Be3 Qa5 8.
Bc4 Nf6 9. Ng5 O-O 10. Qb3 e6 11. Nd2 Ng4 12. h4 Nxe3 13. fxe3 Nc6 14. O-O-O
Ne5 15. Be2 Bd7 16. Nc4 Qc5 17. Ne4 Qc7 18. Nxe5 Qxe5 19. Rxd7 Qxe4 20. Bf3
Qxe3+ 21. Kb1 Rad8 22. Rhd1 Rxd7 23. Rxd7 Qe1+ 24. Kc2 Qxh4 25. Qxb7 Qf2+ 26.
Rd2 Qc5 27. Rd7 a5 28. Rc7 Qf5+ 29. Kb3 h5 30. a4 Qf4 31. Rc8 h4 32. Rxf8+ Bxf8
33. Qe4 Qb8+ 34. Qb7 Qg3 35. Qe4 Qf2 36. Qe2 Qb6+ 37. Qb5 Qc7 38. Qc6 Qg3 39.
Qe4 Bg7 40. Qg4 Qf2 41. Qe4 Kh7 42. Qb7 f5 43. Bc6 e5 44. Be8 Qg3 45. Qd5 e4
46. Qd2 Qe5 47. Bb5 Bf6 48. Qe2 Kh6 49. Kc2 g5 50. Qc4 Kh5 51. Qf7+ Kg4 52. Qa7
e3 53. Be2+ Kg3 54. Qb7 g4 55. Qc6 Qe4+ 56. Qxe4 fxe4 57. b4 h3 58. gxh3 gxh3
0-1

[Event "Dutch Open 2024"]
[Site "Velp, Netherlands"]
[Date "2024.07.24"]
[Round "2.5"]
[White "De Boer, Eelke"]
[Black "Van Rootselaar, Rik"]
[Result "1-0"]
[WhiteElo "2384"]
[BlackElo "2152"]
[PlyCount "91"]
[EventDate "2024.??.??"]

1. e4 c5 2. Nf3 Nc6 3. d4 cxd4 4. Nxd4 e5 5. Nb5 d6 6. N1c3 a6 7. Na3 Be7 8.
Nc4 b5 9. Ne3 Nf6 10. Bd3 O-O 11. O-O Nb4 12. Be2 Be6 13. a3 Nc6 14. Ned5 Nd4
15. Bd3 Nxd5 16. Nxd5 Bg5 17. c3 Bxc1 18. Rxc1 Nc6 19. Ne3 Qb6 20. a4 Rfd8 21.
b4 Ne7 22. Qc2 bxa4 23. Qxa4 d5 24. exd5 Nxd5 25. Nxd5 Bxd5 26. Qc2 g6 27. Rfe1
a5 28. b5 Bb3 29. Qxb3 Rxd3 30. Rxe5 Rd2 31. Rf1 a4 32. Qa3 Qc7 33. Re4 Kg7 34.
g3 Rc2 35. Rxa4 Rxa4 36. Qxa4 Qxc3 37. Rb1 Rc1+ 38. Rxc1 Qxc1+ 39. Kg2 Qc5 40.
Qb3 h5 41. h4 g5 42. hxg5 Qd4 43. b6 h4 44. b7 Qe4+ 45. Kh2 h3 46. Qb2+ 1-0

[Event "Dutch Open 2024"]
[Site "Velp, Netherlands"]
[Date "2024.07.24"]
[Round "2.6"]
[White "Aarav Sarbalia"]
[Black "Maatman, Nick"]
[Result "1/2-1/2"]
[WhiteElo "2042"]
[BlackElo "2383"]
[PlyCount "166"]
[EventDate "2024.??.??"]

1. b3 d5 2. Bb2 Bg4 3. Nf3 Nd7 4. g3 Bxf3 5. exf3 e5 6. d4 exd4 7. Bxd4 Ngf6 8.
Bg2 Bb4+ 9. Nd2 O-O 10. O-O Re8 11. f4 Bc5 12. Bb2 c6 13. c4 Qb6 14. cxd5 cxd5
15. Nf3 Rad8 16. Nd4 Ne4 17. Qd3 a5 18. Rab1 Bf8 19. Rfd1 Ndf6 20. Qb5 Bc5 21.
Qxb6 Bxb6 22. f3 Nc5 23. Kf1 Ne6 24. Nb5 Nc7 25. Nxc7 Bxc7 26. Bd4 Nd7 27. Rbc1
Bb6 28. Bh3 Bxd4 29. Rxd4 Nf6 30. Kf2 Kf8 31. Rc5 b6 32. Rc6 Rb8 33. b4 axb4
34. Rxb4 Ra8 35. a4 Reb8 36. Bf1 Ke7 37. Rc7+ Kf8 38. g4 Rd8 39. Rxb6 Ne8 40.
Rc2 Rxa4 41. f5 h5 42. h3 h4 43. Rb3 Ra7 44. Rb4 f6 45. Rd4 Rc7 46. Rcd2 Rc5
47. f4 Nc7 48. Bg2 Ke7 49. Rb4 Kd6 50. Rb6+ Rc6 51. Rxc6+ Kxc6 52. Ke3 Ra8 53.
g5 Ra3+ 54. Rd3 Rxd3+ 55. Kxd3 Kc5 56. Bf3 Nb5 57. gxf6 gxf6 58. Bh5 Nd4 59.
Bg6 Nc6 60. Bf7 Nb4+ 61. Ke3 Kc4 62. Kf3 Kd3 63. Kg4 Ke3 64. Kxh4 Kxf4 65. Be6
d4 66. Kh5 d3 67. Kg6 Nc6 68. Kxf6 Nd4 69. Bd7 d2 70. Ba4 Nxf5 71. Ke6 Ne3 72.
h4 Nf5 73. h5 Ng7+ 74. Kd5 Nxh5 75. Kd4 Nf6 76. Kd3 Ne4 77. Bd1 Ke5 78. Bf3 Kf4
79. Bd1 Kf5 80. Bf3 Ke5 81. Bh5 d1=Q+ 82. Bxd1 Nf2+ 83. Ke2 Nxd1 1/2-1/2

[Event "Dutch Open 2024"]
[Site "Velp, Netherlands"]
[Date "2024.07.24"]
[Round "2.7"]
[White "Baselmans, Luuk"]
[Black "Bus, Tom"]
[Result "1-0"]
[WhiteElo "2345"]
[BlackElo "2082"]
[PlyCount "83"]
[EventDate "2024.??.??"]

1. e4 e5 2. Nf3 Nc6 3. Bb5 a6 4. Ba4 d6 5. O-O Bd7 6. c3 g6 7. d4 Bg7 8. Be3
Nf6 9. dxe5 Nxe5 10. Nxe5 dxe5 11. Nd2 Bxa4 12. Qxa4+ Qd7 13. Qb4 Qb5 14. Qxb5+
axb5 15. f3 Nd7 16. Rfc1 Bf8 17. c4 bxc4 18. Rxc4 Bd6 19. Rc2 c6 20. a3 f6 21.
Rd1 Ke7 22. Nc4 Bc7 23. Kf1 Rhd8 24. Ke2 Ke6 25. Rcd2 b5 26. Nd6 Nb6 27. Nb7
Rxd2+ 28. Rxd2 Nd7 29. Rc2 Ra6 30. g4 Ke7 31. h4 Ke6 32. Rc1 f5 33. Rd1 Ra8 34.
gxf5+ gxf5 35. exf5+ Ke7 36. Bg5+ Ke8 37. Nd6+ Bxd6 38. Rxd6 b4 39. Re6+ Kf8
40. Re7 bxa3 41. bxa3 Nb6 42. f6 1-0

[Event "Dutch Open 2024"]
[Site "Velp, Netherlands"]
[Date "2024.07.24"]
[Round "2.8"]
[White "Blok, Xaveer"]
[Black "Slagboom, Leandro"]
[Result "0-1"]
[WhiteElo "1885"]
[BlackElo "2331"]
[PlyCount "80"]
[EventDate "2024.??.??"]

1. e4 e6 2. d4 d5 3. Nc3 Nf6 4. e5 Nfd7 5. f4 c5 6. Nf3 Nc6 7. Be3 Be7 8. Qd2
a6 9. dxc5 Nxc5 10. Qf2 Qa5 11. Bd3 Na4 12. Bd2 Nxb2 13. Qg3 Nxd3+ 14. cxd3 O-O
15. O-O Kh8 16. Kh1 Qd8 17. Qh3 f5 18. d4 Bd7 19. Rg1 Be8 20. g4 Bg6 21. g5 Qe8
22. Ne2 Bh5 23. Rg3 g6 24. Qg2 Rc8 25. Rh3 Nb4 26. Bxb4 Bxb4 27. Rb1 Qe7 28.
Ng3 Bxf3 29. Qxf3 Rc3 30. Qf2 Rfc8 31. Qb2 a5 32. Rh6 Qe8 33. Nf1 Rc2 34. Qa1
b6 35. Rb3 Rc1 36. Rbh3 Qd7 37. Qb2 R8c2 38. Rxh7+ Qxh7 39. Rxh7+ Kxh7 40. h4
Rxf1# 0-1

[Event "Dutch Open 2024"]
[Site "Velp, Netherlands"]
[Date "2024.07.24"]
[Round "2.9"]
[White "Buckels, Valentin"]
[Black "Kurt, Sascha"]
[Result "1-0"]
[WhiteElo "2478"]
[BlackElo "2071"]
[PlyCount "95"]
[EventDate "2024.??.??"]

1. d4 Nf6 2. Nf3 g6 3. g3 Bg7 4. Bg2 O-O 5. O-O d6 6. Re1 c5 7. dxc5 dxc5 8.
Qxd8 Rxd8 9. c3 Be6 10. Nfd2 Bd5 11. e4 Bc6 12. a4 e5 13. Nb3 b6 14. N1d2 Bh6
15. f3 Ne8 16. f4 exf4 17. Nf3 Nd7 18. Bxf4 Bxf4 19. gxf4 Nef6 20. Ng5 h6 21.
Nh3 Re8 22. e5 Bxg2 23. Kxg2 Nh5 24. Rad1 Nf8 25. Nd2 Ng7 26. Ne4 Red8 27. Nf6+
Kh8 28. Nf2 Ne8 29. N2g4 Kg7 30. Kf3 h5 31. Nxe8+ Rxe8 32. Nf6 Red8 33. h4 Rxd1
34. Rxd1 Rb8 35. Ne4 Ne6 36. Rd7 Rd8 37. Rxa7 Rd3+ 38. Kf2 Nxf4 39. Ng5 Nh3+
40. Ke2 Nf4+ 41. Kf1 Rd1+ 42. Kf2 Nd3+ 43. Ke2 Nxb2 44. e6 Rd8 45. Rxf7+ Kg8
46. Ne4 Nxa4 47. Nf6+ Kh8 48. Rh7# 1-0

[Event "Dutch Open 2024"]
[Site "Velp, Netherlands"]
[Date "2024.07.24"]
[Round "2.10"]
[White "Wink, Luka"]
[Black "Van Foreest, Machteld"]
[Result "0-1"]
[WhiteElo "2066"]
[BlackElo "2272"]
[PlyCount "48"]
[EventDate "2024.??.??"]

1. e4 e6 2. d4 d5 3. Nc3 Nf6 4. e5 Nfd7 5. f4 c5 6. Nf3 Nc6 7. Be3 Be7 8. Qd2
a6 9. a3 O-O 10. dxc5 Nxc5 11. Be2 Qc7 12. Nd4 b5 13. b4 Nd7 14. Nb3 Nb6 15.
Bc5 Nc4 16. Qd3 Bxc5 17. Nxc5 Nxa3 18. Nxd5 Nxc2+ 19. Qxc2 exd5 20. Qd2 Qb6 21.
Nb3 Bf5 22. Bf3 Rac8 23. Nc5 Nxb4 24. Qxb4 Rxc5 0-1

[Event "Dutch Open 2024"]
[Site "Velp, Netherlands"]
[Date "2024.07.24"]
[Round "2.11"]
[White "Stillger, Bernhard"]
[Black "Hng, Mei-En Emmanuelle"]
[Result "1/2-1/2"]
[WhiteElo "2263"]
[BlackElo "2144"]
[PlyCount "104"]
[EventDate "2024.??.??"]

1. d4 Nf6 2. c4 e6 3. Nf3 c5 4. d5 exd5 5. cxd5 d6 6. Nc3 g6 7. h3 Bg7 8. e4
O-O 9. Bd3 a6 10. a4 Re8 11. O-O Nbd7 12. Re1 Qc7 13. Bf4 Nh5 14. Bh2 b6 15.
Qc2 Bb7 16. Be2 Bh6 17. Bf1 Bg7 18. Rad1 Ne5 19. Be2 Kh8 20. Nd2 Bh6 21. Nc4
Nxc4 22. Bxc4 Bf4 23. Bxf4 Nxf4 24. Qd2 Nh5 25. Re3 Re5 26. Ne2 Rae8 27. Qd3
Qe7 28. Bxa6 Bxa6 29. Qxa6 Rxe4 30. Rxe4 Qxe4 31. Nc3 Qe5 32. Qxb6 Nf4 33. Qb5
Kg7 34. Qf1 Rb8 35. g3 Rxb2 36. Rc1 Nxd5 37. Nxd5 Qxd5 38. Rd1 Qe5 39. Qd3 Ra2
40. Qxd6 Qxd6 41. Rxd6 Rxa4 42. Rc6 Rc4 43. h4 h5 44. Kg2 Rc3 45. Kf1 Rc2 46.
Kg2 c4 47. Kf3 c3 48. Ke3 Rc1 49. Kd3 Rd1+ 50. Ke3 Rc1 51. Kd3 Rd1+ 52. Ke3 Rc1
1/2-1/2

[Event "Dutch Open 2024"]
[Site "Velp, Netherlands"]
[Date "2024.07.24"]
[Round "2.12"]
[White "Goudriaan, Rafael"]
[Black "Hilwerda, Jonas"]
[Result "0-1"]
[WhiteElo "2028"]
[BlackElo "2257"]
[PlyCount "66"]
[EventDate "2024.??.??"]

1. d4 Nf6 2. c4 e6 3. Nc3 d5 4. cxd5 exd5 5. Bf4 c6 6. e3 Bf5 7. f3 Bd6 8. g4
Bg6 9. Bxd6 Qxd6 10. Bd3 O-O 11. Nge2 Re8 12. Kf2 Nbd7 13. Bxg6 hxg6 14. Qd2
Re7 15. Ng3 Rae8 16. Rae1 b5 17. h4 b4 18. Nd1 c5 19. dxc5 Nxc5 20. Qd4 Ne6 21.
Qd2 Nc5 22. Qd4 Ne6 23. Qd2 d4 24. exd4 Nxd4 25. Rxe7 Rxe7 26. Qd3 Qf4 27. Kg2
Nd5 28. Rf1 Re3 29. Nxe3 Nxe3+ 30. Kh3 Nxf3 31. Qd7 Nxf1 32. Nxf1 Ne5 33. Qd1
Nxg4 0-1

[Event "Dutch Open 2024"]
[Site "Velp, Netherlands"]
[Date "2024.07.24"]
[Round "2.13"]
[White "Grooten, Herman"]
[Black "Van de Pavoordt, Max"]
[Result "1/2-1/2"]
[WhiteElo "2211"]
[BlackElo "2044"]
[PlyCount "235"]
[EventDate "2024.??.??"]

1. d4 d5 2. c4 c6 3. Nf3 Nf6 4. g3 dxc4 5. Bg2 g6 6. O-O Bg7 7. Nc3 O-O 8. e4
b5 9. Ne5 Bb7 10. a4 a6 11. Re1 Nbd7 12. f4 Nxe5 13. fxe5 Nd7 14. e6 fxe6 15.
e5 Qc7 16. Bh3 Rf5 17. g4 Rf7 18. g5 Rf5 19. axb5 cxb5 20. Bxf5 exf5 21. b4 Nb6
22. Bf4 Rd8 23. Ra2 Qc6 24. d5 Nxd5 25. Rd2 Nxf4 26. Rxd8+ Bf8 27. Ne4 fxe4 28.
Qd7 Qb6+ 29. Qd4 Qxd4+ 30. Rxd4 Nd5 31. e6 Bg7 32. Rdxe4 Bc3 33. Rd1 Bxb4 34.
Kf1 Bc5 35. Rxd5 Bxd5 36. Re5 Bxe6 37. Rxc5 b4 38. Ke2 Kf7 39. Kd2 c3+ 40. Kc2
Ke8 41. Ra5 Bf5+ 42. Kb3 c2 43. Ra1 a5 44. Kb2 Kd7 45. Rxa5 b3 46. Rb5 Kd6 47.
Rxb3 Ke5 48. Rf3 Kd4 49. Kc1 e5 50. Kd2 e4 51. Rf4 c1=Q+ 52. Kxc1 Ke3 53. Rh4
Kf2 54. Rxh7 e3 55. Re7 Bg4 56. Kc2 Bf5+ 57. Kc3 Bg4 58. Re5 Bh5 59. Kd3 e2 60.
Kd2 Kg2 61. Re4 Kf2 62. Re3 Bf3 63. h3 Bh5 64. Re6 Kg3 65. Ke1 Kxh3 66. Kf2 Kg4
67. Rxe2 Kxg5 68. Re5+ Kf4 69. Rb5 Bg4 70. Rb4+ Kg5 71. Ke3 Bf5 72. Rb6 Kg4 73.
Rb2 Kg3 74. Rb4 Bc2 75. Rc4 Bf5 76. Rc1 Kg4 77. Rg1+ Kh5 78. Kf4 Kh6 79. Rh1+
Kg7 80. Kg5 Kf7 81. Re1 Bc2 82. Rc1 Bf5 83. Rc6 Ke7 84. Kf4 Kd7 85. Rf6 Ke7 86.
Ke5 Kd7 87. Ra6 Bb1 88. Rd6+ Kc7 89. Kd5 Bf5 90. Ra6 Bd3 91. Ra7+ Kb6 92. Ra3
Bf5 93. Rc3 Bd7 94. Kd6 Bf5 95. Rb3+ Ka5 96. Kc5 Ka4 97. Rf3 Bc2 98. Kc4 Bf5
99. Re3 Ka5 100. Kc5 Ka4 101. Rf3 Bc2 102. Rf2 Bf5 103. Rb2 Ka3 104. Rb6 Ka4
105. Kc4 Ka5 106. Rb4 Be6+ 107. Kc5 Bf5 108. Rd4 Ka6 109. Kc6 Ka5 110. Kc5 Ka6
111. Rd8 Kb7 112. Re8 Kc7 113. Re7+ Kd8 114. Kd6 Kc8 115. Rc7+ Kd8 116. Rc3 Ke8
117. Rc7 Kd8 118. Ra7 1/2-1/2

[Event "Dutch Open 2024"]
[Site "Velp, Netherlands"]
[Date "2024.07.24"]
[Round "2.14"]
[White "Ritzerveld, Noah"]
[Black "Koster, Chiel"]
[Result "1/2-1/2"]
[WhiteElo "2181"]
[BlackElo "2058"]
[PlyCount "100"]
[EventDate "2024.??.??"]

1. e4 e6 2. d4 d5 3. Nc3 dxe4 4. Nxe4 Nd7 5. Nf3 Ngf6 6. Nxf6+ Nxf6 7. Bd3 c5
8. Be3 Qc7 9. O-O c4 10. Be2 a6 11. Ne5 b5 12. a4 Bb7 13. axb5 axb5 14. b3 Bd6
15. bxc4 bxc4 16. Rxa8+ Bxa8 17. Bxc4 O-O 18. f4 Nd5 19. Bxd5 Bxd5 20. Qd2 f6
21. Nd3 Rc8 22. Rc1 Ba3 23. Ra1 Qc3 24. Qxc3 Rxc3 25. Bf2 Bd6 26. Rc1 Be4 27.
Nc5 Bf5 28. g3 Kf7 29. Be1 Rxc2 30. Rxc2 Bxc2 31. Kf2 Bf5 32. Kf3 h5 33. Ba5
Bb1 34. Ne4 Ba3 35. Nc3 Bd3 36. d5 exd5 37. Nxd5 Ba6 38. Bb4 Bc1 39. Ne3 Bb7+
40. Kf2 Ke6 41. Nc4 Ba6 42. Bd2 Bxc4 43. Bxc1 Kf5 44. Ba3 g5 45. fxg5 fxg5 46.
h4 gxh4 47. gxh4 Kg4 48. Be7 Kh3 49. Ke3 Kh2 50. Kd4 Be2 1/2-1/2

[Event "Dutch Open 2024"]
[Site "Velp, Netherlands"]
[Date "2024.07.24"]
[Round "2.15"]
[White "Kazarjan, Gachatur"]
[Black "Krylov, Philippe"]
[Result "1-0"]
[WhiteElo "2174"]
[BlackElo "1974"]
[PlyCount "123"]
[EventDate "2024.??.??"]

1. e4 c6 2. d4 d5 3. Nd2 dxe4 4. Nxe4 Bf5 5. Ng3 Bg6 6. N1e2 Nf6 7. h4 h6 8.
Nf4 Bh7 9. c3 e6 10. Bc4 Bd6 11. O-O O-O 12. Re1 Re8 13. Qf3 Nbd7 14. Bd2 Nb6
15. Bd3 Bxf4 16. Bxh7+ Nxh7 17. Qxf4 Nd5 18. Qg4 Nhf6 19. Qf3 b5 20. h5 Qd6 21.
Re5 Nd7 22. Re2 N5f6 23. Rae1 Qd5 24. Qxd5 cxd5 25. f4 Nb6 26. f5 exf5 27.
Rxe8+ Rxe8 28. Rxe8+ Nxe8 29. Nxf5 Nf6 30. Bf4 Nxh5 31. Be5 Kh7 32. Ne7 Nf6 33.
b3 Ne4 34. Bb8 Nd7 35. Bxa7 Nxc3 36. Kf2 g6 37. Ke3 Nf6 38. a3 h5 39. Kd3 Nce4
40. Nxd5 Nf2+ 41. Ke2 Nxd5 42. Kxf2 Kg7 43. a4 bxa4 44. bxa4 Kf6 45. a5 Ke6 46.
Kf3 g5 47. Bc5 Nc7 48. Bb6 Na6 49. Bd8 f6 50. Ke4 Nb4 51. d5+ Nxd5 52. a6 Nc3+
53. Kd4 Nb5+ 54. Kc5 Na7 55. Bb6 Nc8 56. Kc6 h4 57. Kc7 Nd6 58. Bc5 Nb5+ 59.
Kc6 g4 60. Kxb5 h3 61. gxh3 gxh3 62. a7 1-0

[Event "Dutch Open 2024"]
[Site "Velp, Netherlands"]
[Date "2024.07.24"]
[Round "2.16"]
[White "Smid, Jelle"]
[Black "Bakija, Alan"]
[Result "1/2-1/2"]
[WhiteElo "2080"]
[BlackElo "2171"]
[PlyCount "82"]
[EventDate "2024.??.??"]

1. e4 d6 2. d4 Nf6 3. Nc3 e5 4. Nf3 Nbd7 5. Bc4 Be7 6. a4 O-O 7. O-O c6 8. Re1
h6 9. h3 Re8 10. Be3 exd4 11. Bxd4 Nf8 12. Qd3 Be6 13. Rad1 a6 14. Bxe6 Nxe6
15. Bxf6 Bxf6 16. Qxd6 Qxd6 17. Rxd6 Bxc3 18. bxc3 Nc5 19. Rd4 a5 20. Rc4 Nd7
21. Rd4 Nb6 22. Rb1 c5 23. Rd3 Nxa4 24. Rxb7 c4 25. Rd5 Rxe4 26. Nd2 Nxc3 27.
Rdd7 Rf4 28. g3 Rf6 29. Ra7 Rxa7 30. Rxa7 Ne2+ 31. Kg2 c3 32. Nb3 Rb6 33. Kf3
Ng1+ 34. Kg2 Ne2 35. Kf1 Nc1 36. Nxc1 Rb1 37. Ke2 Rxc1 38. Kd3 Rf1 39. Ke2 Rc1
40. Kd3 Rf1 41. Ke2 Rc1 1/2-1/2

[Event "Dutch Open 2024"]
[Site "Velp, Netherlands"]
[Date "2024.07.24"]
[Round "2.17"]
[White "Shakhverdian, William"]
[Black "Hng, Mei-Xian Eunice"]
[Result "1/2-1/2"]
[WhiteElo "2157"]
[BlackElo "2036"]
[PlyCount "132"]
[EventDate "2024.??.??"]

1. Nf3 c5 2. e3 Nf6 3. d4 e6 4. c4 Be7 5. dxc5 Qa5+ 6. Bd2 Qxc5 7. Nc3 a6 8. a3
d6 9. Bd3 O-O 10. O-O Qc7 11. Qe2 b6 12. Rac1 Bb7 13. h3 Nbd7 14. e4 Rfe8 15.
b4 Nf8 16. Be3 Ng6 17. Nd2 Qd8 18. Rfd1 Nd7 19. g3 Bf6 20. Nb3 a5 21. Nb5 Qb8
22. Bb1 Be7 23. f4 axb4 24. axb4 Nf6 25. Nc3 Rc8 26. Bd3 Ra3 27. Qc2 d5 28.
exd5 exd5 29. Qb2 Ra8 30. Bxg6 hxg6 31. Nxd5 Bxd5 32. cxd5 Bxb4 33. Qd4 Bd6 34.
Qxb6 Qxb6 35. Bd4 Rxc1 36. Bxb6 Ra5 37. Nxc1 Ra3 38. Ne2 Rb3 39. Ba7 Ne4 40.
Kg2 g5 41. Rd4 f5 42. Rd1 gxf4 43. gxf4 Rb2 44. Kf3 Rxe2 45. Kxe2 Nc3+ 46. Kd2
Nxd1 47. Kxd1 Bxf4 48. Ke2 Kf7 49. Kf3 Be5 50. Bc5 g5 51. Bf2 Ke7 52. Be3 Bf6
53. h4 gxh4 54. Kf4 h3 55. Kg3 Kd6 56. Kxh3 Kxd5 57. Kg2 Ke4 58. Bc1 Bd4 59.
Kf1 Be3 60. Bb2 f4 61. Bf6 f3 62. Bh4 Kf4 63. Be7 Kg4 64. Bb4 f2 65. Be1 Kf3
66. Bxf2 Bxf2 1/2-1/2

[Event "Dutch Open 2024"]
[Site "Velp, Netherlands"]
[Date "2024.07.24"]
[Round "2.18"]
[White "Odendahl, Reiner"]
[Black "Aravindhan, Achyuth"]
[Result "0-1"]
[WhiteElo "2274"]
[BlackElo "2094"]
[PlyCount "86"]
[EventDate "2024.??.??"]

1. Nf3 Nf6 2. c4 g6 3. Nc3 Bg7 4. e4 d6 5. d4 O-O 6. Be2 e5 7. d5 a5 8. Bg5 h6
9. Be3 Na6 10. Nd2 Nh7 11. O-O f5 12. exf5 gxf5 13. f4 Nf6 14. h3 c6 15. Nb3
Qc7 16. Qd2 Kh7 17. Rad1 cxd5 18. cxd5 Bd7 19. Nb5 Bxb5 20. Bxb5 Ne4 21. Qe1
exf4 22. Rxf4 Bxb2 23. Nd4 Bxd4 24. Bxd4 Nac5 25. Rh4 Rg8 26. Qe3 Rg6 27. Be2
Rag8 28. Bf3 Qf7 29. Bb2 b5 30. Rf4 Rg3 31. Rc1 Qg6 32. Rc2 Rxh3 33. Qe2 Qg3
34. Rxe4 Qh2+ 35. Kf1 Qh1+ 36. Kf2 Rxf3+ 37. Qxf3 Nxe4+ 38. Ke3 Rg3 39. Rc7+
Kg8 40. Qxg3+ Nxg3 41. Rg7+ Kf8 42. Rxg3 Qe1+ 43. Kf3 Qe4+ 0-1

[Event "Dutch Open 2024"]
[Site "Velp, Netherlands"]
[Date "2024.07.24"]
[Round "2.19"]
[White "Gortemaker, Lucas"]
[Black "Panjer, Sidney"]
[Result "0-1"]
[WhiteElo "2097"]
[BlackElo "2204"]
[PlyCount "64"]
[EventDate "2024.??.??"]

1. e4 e5 2. Nf3 Nc6 3. Bb5 a6 4. Bxc6 dxc6 5. O-O Qf6 6. d4 exd4 7. Bg5 Qd6 8.
Nxd4 Be7 9. Be3 Nf6 10. f3 c5 11. Ne2 Bd7 12. Qe1 O-O-O 13. Nd2 h6 14. Nf4 Bb5
15. c4 Bd7 16. Rd1 Rhe8 17. Nb3 Qc6 18. Qa5 g5 19. Nd5 Nxd5 20. Rxd5 Be6 21.
Rxd8+ Rxd8 22. Rc1 Kb8 23. Qa3 Rd3 24. Kf2 g4 25. Ke2 Rd8 26. Bxc5 gxf3+ 27.
gxf3 Bg5 28. Rc2 Bg4 29. Nd2 Bxd2 30. Rxd2 Qxe4+ 31. Qe3 Qxc4+ 32. Ke1 Qc1+ 0-1

[Event "Dutch Open 2024"]
[Site "Velp, Netherlands"]
[Date "2024.07.24"]
[Round "2.20"]
[White "Zwirs, Jasper"]
[Black "Evengroen, Jan"]
[Result "1-0"]
[WhiteElo "2088"]
[BlackElo "2176"]
[PlyCount "57"]
[EventDate "2024.??.??"]

1. d4 d5 2. Nc3 e6 3. Bf4 Bd6 4. e3 Nf6 5. Qf3 Bxf4 6. Qxf4 c6 7. h4 Nbd7 8.
Nf3 Qe7 9. O-O-O a5 10. e4 Nb6 11. Bd3 a4 12. a3 Nc4 13. e5 Nd7 14. Bxc4 dxc4
15. Ne4 O-O 16. c3 f6 17. Qg3 c5 18. dxc5 fxe5 19. Nxe5 Nxc5 20. Nxc5 Qxc5 21.
f4 b5 22. Rd4 Ra7 23. Rhd1 Re7 24. h5 Rfe8 25. h6 Qc7 26. Qg5 Rf8 27. Rd7 Rxd7
28. Rxd7 Bxd7 29. Qxg7# 1-0

[Event "Dutch Open 2024"]
[Site "Velp, Netherlands"]
[Date "2024.07.24"]
[Round "2.21"]
[White "Schroeder, Lennart"]
[Black "Vosselman, Jan"]
[Result "1-0"]
[WhiteElo "2146"]
[BlackElo "2094"]
[PlyCount "119"]
[EventDate "2024.??.??"]

1. d4 d5 2. c4 c6 3. Nf3 e6 4. e3 f5 5. Bd3 Nf6 6. O-O Bd6 7. b3 O-O 8. Ba3
Bxa3 9. Nxa3 Ne4 10. Ne5 Nd7 11. Nxd7 Bxd7 12. f3 Nf6 13. Qc2 Qe7 14. Qb2 g5
15. Nc2 g4 16. f4 b5 17. cxb5 cxb5 18. b4 Ne8 19. Rab1 Nd6 20. Na1 Nc4 21. Qf2
a5 22. bxa5 Rxa5 23. Nb3 Ra3 24. Rfc1 Rfa8 25. Rc2 Bc6 26. Re1 Kf7 27. Nc5 h5
28. Bf1 h4 29. Nd3 Kg7 30. Ne5 Bb7 31. Kh1 Rh8 32. Nd3 Bc6 33. Rb1 Qa7 34. Ne5
Be8 35. Rb3 Kf6 36. Kg1 Qa4 37. Rxa3 Qxa3 38. Nd3 b4 39. Qe1 Ba4 40. Rc1 h3 41.
gxh3 Rxh3 42. Bxh3 Qxd3 43. Bf1 Qe4 44. Qf2 b3 45. axb3 Bxb3 46. Ra1 Qxe3 47.
Qxe3 Nxe3 48. Ra3 Nxf1 49. Kxf1 Bc4+ 50. Kf2 Bb5 51. Kg3 Be8 52. Ra7 Bf7 53.
Kf2 Bg8 54. Ke3 Bf7 55. Kd3 Bg8 56. Kc3 Bf7 57. Kb4 Bg8 58. Kc5 Bf7 59. Kd6 Bg8
60. Ra8 1-0

[Event "Dutch Open 2024"]
[Site "Velp, Netherlands"]
[Date "2024.07.24"]
[Round "2.22"]
[White "Weidemann, Jakob"]
[Black "Zecha, Oscar"]
[Result "1/2-1/2"]
[WhiteElo "2142"]
[BlackElo "1999"]
[PlyCount "107"]
[EventDate "2024.??.??"]

1. e4 e5 2. Nf3 Nc6 3. Bc4 Bc5 4. d4 Bxd4 5. Nxd4 Nxd4 6. Be3 Ne6 7. Bxe6 dxe6
8. Qh5 Nf6 9. Qxe5 Qd6 10. Qxd6 cxd6 11. Nc3 Bd7 12. O-O-O Ke7 13. Bf4 e5 14.
Bg5 Bc6 15. Nd5+ Bxd5 16. Rxd5 Ke6 17. Bxf6 gxf6 18. Rhd1 Rhd8 19. g4 Rd7 20.
c4 Rad8 21. f3 Rc8 22. b3 Rc5 23. Kc2 Rxd5 24. Rxd5 Rc7 25. Kc3 Rc8 26. Kb4 h5
27. h3 hxg4 28. hxg4 Rh8 29. a4 Rh3 30. Rd3 Rh1 31. Kc3 Kd7 32. Kc2 Kc6 33. b4
Ra1 34. a5 Ra2+ 35. Kb3 Ra1 36. Kb2 Rf1 37. Rc3 b6 38. axb6 axb6 39. Rd3 Rf2+
40. Kc3 Rf1 41. Kd2 Rf2+ 42. Kc3 Rf1 43. b5+ Kc7 44. Kb3 Rf2 45. Rc3 Kb7 46.
Re3 Kc7 47. Rd3 Re2 48. Ka4 Rc2 49. Kb4 Rb2+ 50. Rb3 Rf2 51. Ra3 Kb7 52. Rd3
Kc7 53. Rb3 Kc8 54. Rd3 1/2-1/2

[Event "Dutch Open 2024"]
[Site "Velp, Netherlands"]
[Date "2024.07.24"]
[Round "2.23"]
[White "Van Foreest, Nanne"]
[Black "Dordevic, Tom"]
[Result "0-1"]
[WhiteElo "1985"]
[BlackElo "2133"]
[PlyCount "98"]
[EventDate "2024.??.??"]

1. e4 e5 2. Nf3 Nf6 3. Nc3 Nc6 4. d4 exd4 5. Nxd4 Bb4 6. Nxc6 bxc6 7. Bd3 d5 8.
exd5 O-O 9. O-O cxd5 10. h3 Be6 11. Qf3 Rb8 12. Bf4 Bd6 13. b3 c6 14. Ne2 Re8
15. Rfe1 c5 16. Rac1 c4 17. Bxd6 Qxd6 18. Bf5 Bxf5 19. Qxf5 Re5 20. Qf4 Rbe8
21. bxc4 Qe7 22. cxd5 Rxe2 23. Rxe2 Qxe2 24. d6 Qe4 25. Qd2 Qc6 26. Qd4 Rd8 27.
Qxa7 Qxd6 28. c4 Rc8 29. c5 Qc6 30. Rb1 Nd7 31. Rb7 Nxc5 32. Rxf7 Ne6 33. Rf3
Qc1+ 34. Kh2 Qc7+ 35. Qxc7 Rxc7 36. Ra3 Kf7 37. g4 h6 38. Kg3 Rc2 39. f4 Nd4
40. Ra7+ Kg8 41. g5 h5 42. g6 Nf5+ 43. Kf3 Nh4+ 44. Ke4 Nxg6 45. Kf5 Kh7 46.
Kg5 Rg2+ 47. Kxh5 Nxf4+ 48. Kh4 Kh6 49. Rb7 g5# 0-1